Представление документа в формате MARC21

Поле Инд. ПП Название Значение
Тип записи a
Библиографический уровень m
001 Контрольный номер 9cf859d4-7685-4db4-8b80-3253ac4fd753
005 Дата корректировки 20140703153413.7
008 Кодируемые данные 070413
020 a ISBN 5-354-00079-3 (т. 3)
a ISBN 5-354-00076-9
c Цена, тираж 300.00
040 a Служба первич. каталог. НБ ТвГУ
041 a Код языка текста rus
080 a Индекс УДК 536.7(075.8)
084 a Индекс другой классификации/Индекс ББК В317я73-1
090 x Авторский знак К32
a Полочн. индекс В317
100 1_ a Автор Квасников Иридий Александрович
245 10 a Заглавие Термодинамика и статистическая физика
n Номер части/ раздела Т. 3
p Название части/ раздела Теория неравновесных систем
b Продолж. заглавия учеб. пособие для студентов вузов, обучающихся по специальности "Физика" : в 3 т.
c Ответственность И. А. Квасников
250 a Основные сведения об издании Изд. 2-е, существ. перераб. и доп.
260 0_ a Место издания Москва
b Издательство УРСС
c Дата издания 2003
300 a Объем 447 с.
b Иллюстрации/ тип воспроизводства ил.
504 a Библиография Имен., предм. указ. в конце кн.
583 a Действие Получение впервые 78 12.04.2007
k Исполнитель действия ООО "Книжный мир"
583 a Действие Приписка 100 02.05.2007
k Исполнитель действия ОАО "БИБКОМ"
650 a Основная рубрика Термодинамика
x Основная подрубрика Учебники для вузов
650 a Основная рубрика Статистическая физика
650 a Основная рубрика Неравновесные процессы (физ.)
653 a Ключевые слова Термодинамика
a Ключевые слова Статистическая физика
a Ключевые слова Неравновесные системы
a Ключевые слова Теория неравновесных систем
852 t Порядковый номер экземпляра 11
p Инвентарный номер 873189
p Инвентарный номер 873190
p Инвентарный номер 873191
p Инвентарный номер 873192
p Инвентарный номер 873193
p Инвентарный номер 873194
p Инвентарный номер 873195
p Инвентарный номер 873196
p Инвентарный номер 873197
p Инвентарный номер 873198
p Инвентарный номер 874901 631.77
863 t 00164622
863 t 00164623
863 t 00164624
863 t 00164625
863 t 00164626
863 t 00164627
863 t 00164628
863 t 00164629
863 t 00164630
863 t 00164631
863 t 00163183
888 a За счет средств университета
930 a Новая/Ретро учебники
952 p 78.2007 300.00 1 873189
p 78.2007 300.00 1 873190
p 78.2007 300.00 1 873191
p 78.2007 300.00 1 873192
p 78.2007 300.00 1 873193
p 78.2007 300.00 1 873194
p 78.2007 300.00 1 873195
p 78.2007 300.00 1 873196
p 78.2007 300.00 1 873197
p 78.2007 300.00 1 873198
p 100.2007 631.77 1 874901
c Вид литературы К ру
954 a Дата поступления на обработку 20070420
999 a Подразделение 2 Фил3